000 00304nam a22001217a 4500
008 180519b xxu||||| |||| 00| 0 eng d
041 _aeng
080 _a043.3
100 _a0
101 _aSHKI-BA
245 _aQueries Optimization for Enterprise Database - MS SQL 2008 R2
_cPopaj, F
942 _2udc
_cBK
999 _c46023
_d46023